| 000 -LEADER |
| fixed length control field |
00804nam a2200265 a 4500 |
| 001 - CONTROL NUMBER |
| control field |
19327 |
| 003 - CONTROL NUMBER IDENTIFIER |
| control field |
BD-DhUAP |
| 005 - DATE AND TIME OF LATEST TRANSACTION |
| control field |
20210117095740.0 |
| 008 - FIXED-LENGTH DATA ELEMENTS--GENERAL INFORMATION |
| fixed length control field |
200122s1997 enk 000 0 eng d |
| 020 ## - INTERNATIONAL STANDARD BOOK NUMBER |
| International Standard Book Number |
9781853264849 |
| 040 ## - CATALOGING SOURCE |
| Original cataloging agency |
DLC |
| Transcribing agency |
DLC |
| Modifying agency |
DLC |
| -- |
BD-DhUAP |
| 082 00 - DEWEY DECIMAL CLASSIFICATION NUMBER |
| Classification number |
135.3 FRE |
| Edition number |
23 |
| 100 1# - MAIN ENTRY--PERSONAL NAME |
| Personal name |
Freud, Sigmund. |
| 245 14 - TITLE STATEMENT |
| Title |
The interpretation of dreams / |
| Statement of responsibility, etc. |
Sigmund Freud ; translated by A. A. Brill ; introduction by Stephen Wilson. |
| 260 ## - PUBLICATION, DISTRIBUTION, ETC. |
| Place of publication, distribution, etc. |
Hertfordshire : |
| Name of publisher, distributor, etc. |
Wordsworth, |
| Date of publication, distribution, etc. |
c1997. |
| 300 ## - PHYSICAL DESCRIPTION |
| Extent |
xiv, 452 pages ; |
| Dimensions |
23 cm. |
| 490 1# - SERIES STATEMENT |
| Series statement |
Wordsworth classics of World literature. |
| 650 #0 - SUBJECT ADDED ENTRY--TOPICAL TERM |
| Topical term or geographic name entry element |
Dream interpretation. |
| 650 #0 - SUBJECT ADDED ENTRY--TOPICAL TERM |
| Topical term or geographic name entry element |
Psychoanalysis. |
| 700 1# - ADDED ENTRY--PERSONAL NAME |
| Personal name |
Brill, A. A. |
| 700 1# - ADDED ENTRY--PERSONAL NAME |
| Personal name |
Wilson, Stephen. |
| 942 ## - ADDED ENTRY ELEMENTS (KOHA) |
| Source of classification or shelving scheme |
|
| Koha item type |
Book |